000 00400nam a2200145Ia 4500
008 100122s9999 xx 000 0 und d
082 _b61480
_a823.08
100 _aकाळे विजया
245 _aफुलोरा
260 _bश्रीकल्प प्रकाशन
_c2002
300 _a181
630 _aफुलोरा
730 _aफुलोरा
942 _cBOOK
999 _c436248
_d436245